Normal view
MARC view
Entry Personal Name
001 - CONTROL NUMBER
- control field: 80571
003 - CONTROL NUMBER IDENTIFIER
- control field: dpl
005 - DATE AND TIME OF LATEST TRANSACTION
- control field: 20250415125256.0
008 - FIXED-LENGTH DATA ELEMENTS
- fixed length control field: 250415|| aca||aabn | a|a d
040 ## - CATALOGING SOURCE
- Original cataloging agency: dpl
- Transcribing agency: dpl
100 ## - HEADING--PERSONAL NAME
- Personal name: शर्मा ,पूजा
670 ## - SOURCE DATA FOUND
- Source citation: Work cat.: (dpl)209821: शर्मा ,पूजा, NTA UGC नेट/जेआरएफ/सेट पेपर 2 लोक प्रशासन /, 2024
